| 000 | 00553nam a22002177a 4500 | ||
|---|---|---|---|
| 999 |
_c6534 _d6534 |
||
| 001 | 6534 | ||
| 003 | BD-JhCC | ||
| 005 | 20180125081046.0 | ||
| 008 | 180125b xxu||||| |||| 00| 0 eng d | ||
| 035 | _a(BD-JhCC)6534 | ||
| 040 |
_aBD-JhCC _dBD-JhCC |
||
| 041 | _aeng | ||
| 082 |
_a891.7342 _bSHO 1974 |
||
| 100 | _aSholokhove, Mikhail | ||
| 245 |
_aAnd Quiet Flows The Don / _cMikhail Sholokhove |
||
| 260 |
_aMosco : _bProgress Publishers, _c1974. |
||
| 300 |
_a495 p. : _c21 cm. |
||
| 650 | _aRussian Fiction | ||
| 942 |
_2ddc _cBK |
||